Visualizzazione normale
Vista MARC
- Menéndez, Josefa,
di Personal Name
Records bibliografici associati: 1
001 - CONTROL NUMBER
- control field: 69893
003 - CONTROL NUMBER IDENTIFIER
- control field: IT-RoINE
005 - DATE AND TIME OF LATEST TRANSACTION
- control field: 20201215052003.0
008 - FIXED-LENGTH DATA ELEMENTS
- fixed length control field: 201215|| aca||aabn | a|a d
040 ## - CATALOGING SOURCE
- Original cataloging agency: IT-RoINE
- Transcribing agency: IT-RoINE
100 ## - HEADING--PERSONAL NAME
- Personal name: Menéndez, Josefa,
- Dates associated with a name: 1890-1923
670 ## - SOURCE DATA FOUND
- Source citation: Work cat.: (IT-RoINE)0: Menéndez, Josefa, 1890-1923, Un mensaje del Corazón de Jesús, 1952.